Las nuevas aventuras de la Sirenita : (Registro nro. 15025)

Detalles MARC
000 -LIDER
fixed length control field 01132nam a2200301 4500
001 - NÚMERO DE CONTROL
Identificador de número de control 1248
003 - IDENTIFICACDOR DE NÚMERO DE CONTROL
control field DO-SdBPM
005 - DATE AND TIME OF LATEST TRANSACTION
control field 20250402115050.0
007 - CAMPOS FIJOS DE DESCRIPCIÓN FÍSICA
fixed length control field 1248
008 - ELEMENTOS DE LONGITUD FIJA
fixed length control field 161202b1995 sp | 00| 0 spa d
020 ## - ISBN
International Standard Book Number 8424134362
040 ## - FUENTE DE CATALOGACIÓN
Agencia que crea de manera original el registro DO-SdBPM
Idioma de catalogación spa
Agencia que realiza la transcripción BPMSU
082 #4 - NÚMERO DE CLASIFICACIÓN DECIMAL DE DEWEY
Classification number 808.83
Item number N964a 1995
Edition number 22
245 04 - MENCIÓN DE TITULO
Título Las nuevas aventuras de la Sirenita :
Subtítulo Hechizada /
260 ## - PUBLICACIÓN, DISTRIBUCIÓN, ETC. (PIE DE IMPRENTA)
Lugar de publicación, distribución, etc Barcelona :
Nombre del editor, distribuidor, etc. Editorial Everest,
Fecha de publicación, distribución, etc 1995
300 ## - DESCRIPCIÓN FÍSICA
Extensión varias paginaciones :
Otros detalles físicos ilustraciones ;
Dimensiones 27 cm.
440 0# - MENCIÓN DE SERIE/ENTRADA SECUNDARIA--TÍTULO
Título Las nuevas aventuras de la Sirenita
490 0# - MENCIÓN DE SERIES
Mención de serie Crecer y aprender con Disney
505 ## - NOTA DE CONTENIDO
Información miscelánea v 1.<br/>
Título La cenicienta -- La bella y la bestia -- La sirenita --
Información miscelánea v. 2 . <br/>
Título Blanca nives y los siete enanos -- El rey león -- Aladín -
Información miscelánea v. 3
Título Toy story ¡y más allá! -- Bichos, una aventura en miniatura -- Monsters,
590 ## - NOTA LOCAL
Texto de la nota local Inventariado, 2025/VM
650 #4 - ENCABEZAMIENTO DE MATERIA--TEMÁTICO
Término temático o nombre geográfico como elemento de entrada Cuentos infantiles
Subdivisión de forma Colecciones
650 #4 - ENCABEZAMIENTO DE MATERIA--TEMÁTICO
Término temático o nombre geográfico como elemento de entrada Océano Cuentos infantiles
650 #4 - ENCABEZAMIENTO DE MATERIA--TEMÁTICO
Término temático o nombre geográfico como elemento de entrada Magia
Subdivisión de forma Cuentos infantiles
710 2# - ASIENTO SECUNDARIO -- NOMBRE CORPORATIVO
Nombre corporativo o de jurisdicción The Walt Disney Company
710 ## - ASIENTO SECUNDARIO -- NOMBRE CORPORATIVO
Nombre corporativo o de jurisdicción Grupo Oceano
910 ## - VALIDACIÓN
Validación VMateo V. Control de calidad. BPMSU
942 ## - ADDED ENTRY ELEMENTS (KOHA)
Source of classification or shelving scheme Dewey Decimal Classification
Koha item type Libros
Existencias
Withdrawn status Lost status Source of classification or shelving scheme Damaged status Not for loan Collection code Home library Current library Date acquired Total Checkouts Full call number Barcode Date last seen Price effective from Koha item type
    Dewey Decimal Classification     Colección Infantil General Biblioteca Pública Metropolitana Salomé Ureña Biblioteca Pública Metropolitana Salomé Ureña 04/02/2025   BPMSU CGI 808.83 N964a 1995 BPMSU25040010 04/02/2025 04/02/2025 Libros